Vista normal Vista MARC

Modelado, análisis y diseño del sistema de control de un robot gantry : (Registro nro. 17423)

Detalles MARC
000 -Cabecera (24)
Campo de control interno 01130nam a22002534a 4500
001 - Número de control
Campo de control UTEA
005 - Fecha y hora de la
Campo de control 20251006150445.0
006 - Campos de control - información adicional
Campos de control g||||gr||||||01 nz
007 - Tipo material - Descripcion fisica - info general
Tipo material ta
008 - Códigos de longitud fija (40p)
Campo de control de longitud fija 251006b es ||||| |||| 00| 0 spa d
020 ## - INTERNATIONAL STANDARD BOOK NUMBER
ISBN 9783844339376
040 ## - Origen de la Catalogacion
Centro catalogador/agencia de origen UTEA
041 ## - Código de idioma (R)
Código de lengua del texto/banda sonora o título independiente (R) spa
082 ## - Número de la Clasificación
Número de la Clasificación 629.892
Notación Interna G26 2011
100 ## - Autor Personal
Autor Personal Garibaldi Julia
Término indicativo de función (R) autor
245 ## - Titulo
Titulo Modelado, análisis y diseño del sistema de control de un robot gantry :
Subtitulo Tesis de grado de ingenieria informática /
Mención del autor Julia Garibaldi
Medio físico [Texto Impreso]
250 ## - Mencion de edicion
Mencion de edicion 1ra edición
260 ## - Editorial
Ciudad España;
Nombre de la Editorial Editorial academiaespañola;
Fecha 2011
300 ## - Descripcion
Páginas 290 páginas;
Otros detalles físicos figuras;
Dimensiones 14 x 24 cm.
505 ## - Nota de contenido formateada
Nota de contenido formateada Índice del Libro] Introducción -- Conceptos de robotice -- Introducción a los sistemas de control --Estándares abiertos para sistema de control -- Sistemas operativos y sistemas de tiempo real -- Diseño del sistema -- Conclusiones y trabajo futuro -- Específicamente de requerimientos del sistema.
650 ## - Temas - Descriptores
Temas - Descriptores MODELADO Y ANALISIS DEL SISTEMA
9 (RLIN) 59638
650 ## - Temas - Descriptores
Temas - Descriptores CONTROL DE UN ROBOT
9 (RLIN) 59639
942 ## - Datos personalizados Koha
Esquema de Clasificacion Dewey Decimal Classification
Tipo de Documento Libros
Fecha procesamiento 2025-10-06
Catalogador Cirila Celinda Molina Chirinos
Existencias
Estado de retiro Estado de pérdida Fuente de Clasificacion Estado No para préstamo Escuela Profesional/ Mención de Maestría Localización permanente Ubicación/localización actual Ubicación en estantería Fecha de adquisición Signatura topográfica completa Código de barras Precio válido a partir de Tipo de ítem Koha
    Dewey Decimal Classification     E.P. Ingeniería de Sistemas e Informática Biblioteca Abancay UTEA Biblioteca Abancay UTEA Área de Ciencias Puras y Aplicada (primer piso) 10/06/2025 629.892 G26 2011 BABA25100091 10/06/2025 Libros
    Dewey Decimal Classification     E.P. Ingeniería de Sistemas e Informática Biblioteca Cusco UTEA Biblioteca Cusco UTEA Biblioteca Puputi 10/06/2025 629.892 G26 2011 BCUS25100065 10/06/2025 Libros